Ocumicho y Patamban (Record no. 9256)
[ view plain ]
| 000 -CABECERA | |
|---|---|
| campo de control de longitud fija | 01206nam a2200325 a 4500 |
| 001 - NÚMERO DE CONTROL | |
| campo de control | BRL_444 |
| 005 - FECHA Y HORA DE LA ÚLTIMA TRANSACCIÓN | |
| campo de control | 20190320210738.0 |
| 008 - DATOS DE LONGITUD FIJA--INFORMACIÓN GENERAL | |
| campo de control de longitud fija | 130813s1987----mx-a######---#000-0#spa-# |
| 020 ## - NÚMERO INTERNACIONAL ESTÁNDAR DEL LIBRO | |
| Número Internacional Estándar del Libro | 03785726 |
| 041 ## - CÓDIGO DE LENGUA | |
| Código de lengua del texto/banda sonora o título independiente | spa |
| 044 ## - CÓDIGO DEL PAÍS DE LA ENTIDAD EDITORA/PRODUCTORA | |
| Código MARC del país | mx |
| 050 #4 - SIGNATURA TOPOGRÁFICA DE LA BIBLIOTECA DEL CONGRESO | |
| Número de clasificación | HD2346.M42 |
| Número de documento/Ítem | .O28 1987 |
| 245 10 - MENCIÓN DE TÍTULO | |
| Título | Ocumicho y Patamban |
| Resto del título | dos maneras de ser artesano |
| Mención de responsabilidad, etc. | Cécile Gouy-Gilbert ; Traducido por Luz María Santamaría. |
| 260 ## - PUBLICACIÓN, DISTRIBUCIÓN, ETC. | |
| Lugar de publicación, distribución, etc. | México |
| Nombre del editor, distribuidor, etc. | Centre D´etudes Mexicaines Et Centramericaines |
| Fecha de publicación, distribución, etc. | 1987 |
| 300 ## - DESCRIPCIÓN FÍSICA | |
| Extensión | 63 p. |
| Otras características físicas | il., mapas |
| Dimensiones | 28 cm. |
| 440 #0 - MENCIÓN DE SERIE/PUNTO DE ACCESO ADICIONAL--TÍTULO | |
| Título | Collection Etudes meìsoameìricaines |
| Designación de volumen o secuencia | 10 |
| Número Internacional Normalizado para Publicaciones Seriadas | 0378-5726. II |
| 9 (RLIN) | 23930 |
| 440 #0 - MENCIÓN DE SERIE/PUNTO DE ACCESO ADICIONAL--TÍTULO | |
| Título | Cuadernos de estudios michoacanos |
| Designación de volumen o secuencia | 2 |
| 9 (RLIN) | 23931 |
| 500 ## - NOTA GENERAL | |
| Nota general | Au503 |
| 504 ## - NOTA DE BIBLIOGRAFÍA, ETC. | |
| Nota de bibliografía, etc. | Bibliografía: p. 60 |
| 650 14 - PUNTO DE ACCESO ADICIONAL DE MATERIA--TÉRMINO DE MATERIA | |
| Término de materia o nombre geográfico como elemento de entrada | Cerámica tarasca |
| 9 (RLIN) | 23932 |
| 650 14 - PUNTO DE ACCESO ADICIONAL DE MATERIA--TÉRMINO DE MATERIA | |
| Término de materia o nombre geográfico como elemento de entrada | Indígenas tarascos |
| Subdivisión general | Industrias |
| 9 (RLIN) | 23933 |
| 650 14 - PUNTO DE ACCESO ADICIONAL DE MATERIA--TÉRMINO DE MATERIA | |
| Término de materia o nombre geográfico como elemento de entrada | Artesanias en cerámica |
| Subdivisión geográfica | México, Ocumicho |
| 9 (RLIN) | 23934 |
| 650 14 - PUNTO DE ACCESO ADICIONAL DE MATERIA--TÉRMINO DE MATERIA | |
| Término de materia o nombre geográfico como elemento de entrada | Artesanias en cerámica |
| Subdivisión geográfica | México, Patamban |
| 9 (RLIN) | 23935 |
| 651 #4 - PUNTO DE ACCESO ADICIONAL DE MATERIA--NOMBRE GEOGRÁFICO | |
| Nombre geográfico | Ocumicho (México) |
| Subdivisión general | Vida social y costumbres |
| 9 (RLIN) | 23936 |
| 651 #4 - PUNTO DE ACCESO ADICIONAL DE MATERIA--NOMBRE GEOGRÁFICO | |
| Nombre geográfico | Patamban (México) |
| Subdivisión general | Vida social y costumbres |
| 9 (RLIN) | 23937 |
| 700 1# - PUNTO DE ACCESO ADICIONAL--NOMBRE DE PERSONA | |
| Nombre de persona | Santamaría, Luz María |
| Término indicativo de función/relación | tr. |
| 9 (RLIN) | 5522 |
| 700 1# - PUNTO DE ACCESO ADICIONAL--NOMBRE DE PERSONA | |
| Nombre de persona | Gouy Gilbert, Cecile |
| 9 (RLIN) | 23938 |
| 902 ## - CATALOGADOR | |
| Iniciales | GRL |
| 942 ## - ELEMENTOS DE PUNTO DE ACCESO ADICIONAL (KOHA) | |
| Fuente del sistema de clasificación o colocación | Library of Congress Classification |
| Tipo de ítem Koha | Libros |
| Estado de retiro | Estado de pérdida | Estado dañado | No para préstamo | Localización permanente | Ubicación/localización actual | Fecha de adquisición | Número de inventario | Total de préstamos | Signatura topográfica completa | Código de barras | Fecha visto por última vez | Precio válido a partir de | Tipo de ítem Koha |
|---|---|---|---|---|---|---|---|---|---|---|---|---|---|
| El ejemplar forma parte de la colección y puede ser consultado según las políticas vigentes. | Biblioteca Centro de Estudios Ruth D. Lechuga | Biblioteca Centro de Estudios Ruth D. Lechuga | 13/08/2013 | Au503 | HD2346.M42 .O28 1987 (Au503) | GRL00477 | 22/03/2019 | 22/03/2019 | Libros |